000 00962nam a22002897a 4500
001 BR8501480
003 BR-BrBNA
005 20230928092117.0
007 ta
008 230509b bl.||||| |||| 00| 0 por d
040 _aBR-BrBNA
_bpor
_cBiblioteca Nacional de Agricultura
041 _a(Por)
072 _aP10; F10
_b/G514
090 _ P10 BR8501480
110 1 _aSecretaria do Planejamento, Ciencia e Tecnologia, Salvador, BA (Brasil). Centro de Estatistica e Informacoes
_99094
245 1 _aAcudes publicos da Bahia disponibilidades hidricas em reservatorios de grande e medio porte [influencia climatica, hidroclimatologia, equipamento meteorologico, Bahia]
260 3 _aSalvador, BA (Brasil):
_c1985.
300 _a285 p.
500 _aMap, scale 1:1500,000
650 _aACUDE
650 _aRECURSO HIDRICO
650 _aBACIA HIDROGRAFICA
650 _aCLIMA
650 _aBAHIA
909 _a202309
_bLucia
_c55
_dLucia Elande
942 _cBK
999 _c37184
_d37184